| 000 | 00541nam a2200169 4500 | ||
|---|---|---|---|
| 001 | 125882 | ||
| 003 | ES-MaACL | ||
| 005 | 20250811072554.0 | ||
| 007 | t| | ||
| 008 | 070214s1946 sp r ||||1| spa d | ||
| 110 | 1 |
_aEspaña. _bMinisterio de Trabajo _93924 |
|
| 245 | 1 | 0 |
_aReglamento Nacional del Trabajo en la industria papelera _b: Orden del Ministerio de Trabajo de 3 de abril de 1946. |
| 260 |
_aMadrid : _bGarcía Enciso, _c1946. |
||
| 300 |
_a47 p. ; _c15 cm. |
||
| 852 |
_aES-MaACL _j1871-F-3 |
||
| 999 |
_c125882 _d125882 |
||